<?xml version="1.0" encoding="UTF-8"?>
<record
    xmlns:xsi="http://www.w3.org/2001/XMLSchema-instance"
    xsi:schemaLocation="http://www.loc.gov/MARC21/slim http://www.loc.gov/standards/marcxml/schema/MARC21slim.xsd"
    xmlns="http://www.loc.gov/MARC21/slim">

  <leader>02730nam a2200445Ii 4500</leader>
  <controlfield tag="001">DIGUJAUI0046</controlfield>
  <controlfield tag="003">NyNyDIG</controlfield>
  <controlfield tag="008">141201s2013    sp      ob    000 0 spa d</controlfield>
  <controlfield tag="006">m     o  d        </controlfield>
  <controlfield tag="007">cr |||||||||||</controlfield>
  <datafield tag="020" ind1=" " ind2=" ">
    <subfield code="a">9788469572511</subfield>
    <subfield code="q">(eBook)</subfield>
  </datafield>
  <datafield tag="020" ind1=" " ind2=" ">
    <subfield code="z">9788480219150</subfield>
  </datafield>
  <datafield tag="020" ind1=" " ind2=" ">
    <subfield code="z">8480219157</subfield>
  </datafield>
  <datafield tag="035" ind1=" " ind2=" ">
    <subfield code="a">(OCoLC)874170653</subfield>
  </datafield>
  <datafield tag="040" ind1=" " ind2=" ">
    <subfield code="a">DGITA</subfield>
    <subfield code="b">eng</subfield>
    <subfield code="e">rda</subfield>
    <subfield code="e">pn</subfield>
    <subfield code="c">DGITA</subfield>
  </datafield>
  <datafield tag="050" ind1="1" ind2="4">
    <subfield code="a">JZ1318 eBook</subfield>
  </datafield>
  <datafield tag="245" ind1="0" ind2="0">
    <subfield code="a">Cooperaci&#xF3;n descentralizada p&#xFA;blica :</subfield>
    <subfield code="b">introducci&#xF3;n, enfoques y &#xE1;mbitos de actuaci&#xF3;n /</subfield>
    <subfield code="c">Ma Raquel Agost Felip, Ana Ma Fuertes Eugenio, Isabel Gim&#xE9;nez Garc&#xED;a, Grisela Soto Personat (coords.).</subfield>
  </datafield>
  <datafield tag="264" ind1=" " ind2="1">
    <subfield code="a">Castell&#xF3; de la Plana :</subfield>
    <subfield code="b">Publicacions de la Universitat Jaume I,</subfield>
    <subfield code="c">2013.</subfield>
  </datafield>
  <datafield tag="300" ind1=" " ind2=" ">
    <subfield code="a">1 online resource (318 pages).</subfield>
  </datafield>
  <datafield tag="336" ind1=" " ind2=" ">
    <subfield code="a">text</subfield>
    <subfield code="b">txt</subfield>
    <subfield code="2">rdacontent</subfield>
  </datafield>
  <datafield tag="337" ind1=" " ind2=" ">
    <subfield code="a">computer</subfield>
    <subfield code="b">c</subfield>
    <subfield code="2">rdamedia</subfield>
  </datafield>
  <datafield tag="338" ind1=" " ind2=" ">
    <subfield code="a">online resource</subfield>
    <subfield code="b">cr</subfield>
    <subfield code="2">rdacarrier</subfield>
  </datafield>
  <datafield tag="490" ind1="1" ind2=" ">
    <subfield code="a">Cooperaci&#xF3; i solidaritat. Projectes ;</subfield>
    <subfield code="v">12</subfield>
  </datafield>
  <datafield tag="588" ind1=" " ind2=" ">
    <subfield code="a">Online resource; title from PDF title page (Digitalia, viewed December 19, 2014)</subfield>
  </datafield>
  <datafield tag="504" ind1=" " ind2=" ">
    <subfield code="a">Includes bibliographical references.</subfield>
  </datafield>
  <datafield tag="505" ind1="0" ind2=" ">
    <subfield code="a">Aproximaci&#xF3;n a la cooperaci&#xF3;n internacional para el desarrollo / Isabel Gim&#xE9;nez Garc&#xED;a y Grisela Soto Personat -- Aspectos b&#xE1;sicos de la cooperaci&#xF3;n descentralizada / Susana Ruiz Seisdedos -- Eficacia de la ayuda en la cooperaci&#xF3;n descentralizada / Ignacio Mart&#xED;nez Mart&#xED;nez -- G&#xE9;nero y cooperaci&#xF3;n descentralizada / Ma &#xC1;ngeles Mej&#xED;as Garc&#xED;a-Hierro -- Confluencia entre derechos humanos y desarrollo / Alberto Arrufat C&#xE1;rdava -- Desarrollo sostenible y entorno natural / Ernesto Ruiz -- Gesti&#xF3;n municipal: planificaci&#xF3;n, presupuesto y asignaci&#xF3;n de recursos / Javier Gonz&#xE1;lez Cardona -- Sensibilizaci&#xF3;n y educaci&#xF3;n para el desarrollo / Gema Celorio D&#xED;az -- Acci&#xF3;n directa: hermanamientos, proyectos y otros instrumentos / Mar&#xED;a Rodr&#xED;guez Garc&#xED;a -- Redes de cooperaci&#xF3;n descentralizada / Rosa de la Fuente Fern&#xE1;ndez. </subfield>
  </datafield>
  <datafield tag="650" ind1=" " ind2="0">
    <subfield code="a">International cooperation.</subfield>
  </datafield>
  <datafield tag="655" ind1=" " ind2="0">
    <subfield code="a">Electronic books.</subfield>
  </datafield>
  <datafield tag="700" ind1="1" ind2=" ">
    <subfield code="a">Agost Felip, Mar&#xED;a Raquel,</subfield>
    <subfield code="e">editor.</subfield>
  </datafield>
  <datafield tag="700" ind1="1" ind2=" ">
    <subfield code="a">Fuertes Eugenio, Ana Ma.,</subfield>
    <subfield code="e">editor.</subfield>
  </datafield>
  <datafield tag="700" ind1="1" ind2=" ">
    <subfield code="a">Gim&#xE9;nez Garc&#xED;a, Isabel,</subfield>
    <subfield code="e">editor.</subfield>
  </datafield>
  <datafield tag="700" ind1="1" ind2=" ">
    <subfield code="a">Soto Personat, Grisela,</subfield>
    <subfield code="e">editor.</subfield>
  </datafield>
  <datafield tag="776" ind1="0" ind2="8">
    <subfield code="i">Print version:</subfield>
    <subfield code="t">Cooperaci&#xF3;n descentralizada p&#xFA;blica.</subfield>
    <subfield code="d">Castell&#xF3; de la Plana : Publicacions de la Universitat Jaume I, 2013</subfield>
    <subfield code="z">9788480219150</subfield>
    <subfield code="w">(OCoLC)846474627.</subfield>
  </datafield>
  <datafield tag="793" ind1="0" ind2=" ">
    <subfield code="g">Digitalia eBook Collection:</subfield>
    <subfield code="a">Universitat Jaume I</subfield>
  </datafield>
  <datafield tag="791" ind1="2" ind2=" ">
    <subfield code="a">Digitalia (Firm)</subfield>
    <subfield code="e">distributor.</subfield>
  </datafield>
  <datafield tag="830" ind1=" " ind2="0">
    <subfield code="a">Cooperaci&#xF3; i solidaritat.</subfield>
    <subfield code="p">Projectes ;</subfield>
    <subfield code="v">12.</subfield>
  </datafield>
  <datafield tag="856" ind1="4" ind2="0">
    <subfield code="3">Digitalia Hisp&#xE1;nica</subfield>
    <subfield code="u">https://www.digitaliapublishing.com/a/21003/</subfield>
  </datafield>
  <datafield tag="910" ind1=" " ind2=" ">
    <subfield code="a">Premium Collection: 2014</subfield>
  </datafield>
  <datafield tag="942" ind1=" " ind2=" ">
    <subfield code="c">RAA</subfield>
  </datafield>
  <datafield tag="952" ind1=" " ind2=" ">
    <subfield code="0">0</subfield>
    <subfield code="1">0</subfield>
    <subfield code="4">0</subfield>
    <subfield code="7">0</subfield>
    <subfield code="8">DEH</subfield>
    <subfield code="a">BD-UIN</subfield>
    <subfield code="b">BD-UIN</subfield>
    <subfield code="d">2025-04-25</subfield>
    <subfield code="l">0</subfield>
    <subfield code="r">2025-04-25</subfield>
    <subfield code="w">2025-04-25</subfield>
    <subfield code="y">RAA</subfield>
  </datafield>
  <datafield tag="999" ind1=" " ind2=" ">
    <subfield code="c">237245</subfield>
    <subfield code="d">237245</subfield>
  </datafield>
</record>
